Statistics for 20 Maths Questions In 2 Minutes

Click here to take the quiz!

General Stats

  • This quiz has been taken 24,361 times
  • The average score is 19 of 20

Answer Stats

QuestionAnswer% Correct
4 x 832
99%
7 x 963
97%
9 x 1199
97%
4 + 812
96%
12 +1224
96%
4 + 2024
96%
13 x 10130
94%
3 x 618
94%
4 x 8 - 527
94%
3 x 3 x 327
94%
14 x 456
94%
49 + 56105
93%
5 x 525
93%
16 - 4 + 1426
93%
2 x 1734
92%
10 x 20200
91%
6 x 848
89%
9 x 13117
87%
6 x 1590
86%
11 x 12132
84%

Score Distribution

Percentile by Number Answered

Percent of People with Each Score

Your Score History

You have not taken this quiz